Az utolsó polihisztor Koncsol László hetvenéves

Bibliographic Details
Main Author: Kövesdi, Károly, 1953- (Author)
Format: Article
Language:Hungarian
PhysicalDescription:Fotogr.
Subjects:

MARC

LEADER 00000nab a2200000 ar4500
001 vtls008785482
003 SK-MaSNL
005 20260507043156.0
008 060529c2006 xo |||||||| 000 b|hun
015 |a SNBRB2006/05  |2 snkbucl 
038 |a SNKBUCL 
040 |a DSZK  |b slo  |c DSZK  |e AACR2 
041 0 |a hun 
044 |a xo  |c SK 
080 |a 82:929:894.511 (437.6)  |2 1997 
080 |a 894.511 (437.6):929  |2 1997 
080 |a 929 Koncsol, László  |2 1997 
100 1 |a Kövesdi, Károly,  |d 1953-  |4 aut  |9 264403 
245 1 3 |a Az utolsó polihisztor  |b Koncsol László hetvenéves  |c Kövesdi Károly 
300 |b Fotogr. 
600 1 7 |a Koncsol, László,  |d 1936-2023  |2 snkbucl  |9 207344 
773 0 |t Vasárnap  |g Évf. 39, sz. 21 (2006), o. 14 
852 |a SNK  |b KIS3GCP 
852 |a DSZK  |b KIS3GCP 
958 |a HU 
958 |a BX 
958 |a LX 
999 |c 3293413  |d 3295343